[Event "XVI C.to Italiano U20"]
[Site "Bratto - Castione della Presolana ITA"]
[Date "2008.08.24"]
[Round "3"]
[White "Capito', Mario"]
[Black "Gonella, Daniele"]
[Result "0-1"]
[WhiteElo "1455"]
[BlackElo "1739"]
[PlyCount "64"]
[EventDate "2008.08.22"]

1. c4 g6 2. Nc3 Bg7 3. Nf3 Nf6 4. g3 O-O 5. Bg2 c6 6. d4 d5 7. cxd5 Nxd5 8. O-O
Nd7 9. e4 Nxc3 10. bxc3 e5 11. Bg5 Qa5 12. Qb3 exd4 13. Be7 Re8 14. Bb4 Qb6 15.
Ng5 Ne5 16. cxd4 h6 17. dxe5 hxg5 18. Rab1 c5 19. Qa4 Be6 20. Bd2 Qc6 21. Qxc6
bxc6 22. Bxg5 Bxa2 23. Rb7 Bxe5 24. Rc1 c4 25. Be3 Reb8 26. Rxb8+ Rxb8 27. Bxa7
Rd8 28. f4 Bb2 29. Rc2 c3 30. e5 Bb3 31. Be4 Bxc2 32. Bxc2 32... Rd2 {...} 0-1

[Event "XVI C.to Italiano U20"]
[Site "Bratto - Castione della Presolana ITA"]
[Date "2008.08.24"]
[Round "3"]
[White "Coladangelo, Andrea"]
[Black "Altini, Nicola"]
[Result "1/2-1/2"]
[WhiteElo "1866"]
[BlackElo "2007"]
[PlyCount "91"]
[EventDate "2008.08.22"]

1. e4 e5 2. Nf3 Nc6 3. d4 exd4 4. Nxd4 Nf6 5. Nxc6 bxc6 6. e5 Nd5 7. c4 Nb6 8.
Bd3 d6 9. exd6 Bxd6 10. O-O O-O 11. c5 Bxc5 12. Bxh7+ Kxh7 13. Qh5+ Kg8 14.
Qxc5 Re8 15. Nc3 Ba6 16. Bg5 Qd6 17. Qxd6 cxd6 18. Rfe1 d5 19. b3 Nd7 20. Be7
f6 21. f4 Kf7 22. Ba3 f5 23. Na4 Bb5 24. Nc5 Nxc5 25. Bxc5 Re4 26. Rxe4 fxe4
27. Kf2 a5 28. Ke3 a4 29. b4 a3 30. Rc1 Bc4 31. Rc2 Ke6 32. g3 Kf5 33. h3 Rh8
34. g4+ Ke6 35. Rh2 Bf1 36. h4 g6 37. Bd4 Rh7 38. Bc5 Bb5 39. Bd4 Ba4 40. Rh1
Bb5 41. Rh2 Ba6 42. Kf2 Rb7 43. Bc5 Rd7 44. Ke3 Bc8 45. h5 Rh7 46. h6 1/2-1/2

[Event "XVI C.to Italiano U20"]
[Site "Bratto - Castione della Presolana ITA"]
[Date "2008.08.24"]
[Round "3"]
[White "Ferrante, Marco"]
[Black "Locci, Damiano"]
[Result "1/2-1/2"]
[WhiteElo "2142"]
[BlackElo "2094"]
[PlyCount "23"]
[EventDate "2008.08.22"]

1. e4 e6 2. d4 d5 3. exd5 exd5 4. Bd3 Nc6 5. c3 Bd6 6. Ne2 Qh4 7. Be3 Nf6 8.
Nd2 Ng4 9. Nf3 Nxe3 10. Nxh4 Nxd1 11. Rxd1 Ne7 12. Ng3 1/2-1/2

[Event "XVI C.to Italiano U20"]
[Site "Bratto - Castione della Presolana ITA"]
[Date "2008.08.24"]
[Round "3"]
[White "Lapenna, Antonio"]
[Black "Pomaro, Alberto"]
[Result "0-1"]
[WhiteElo "2118"]
[BlackElo "2246"]
[PlyCount "90"]
[EventDate "2008.08.22"]

1. d4 Nf6 2. Nf3 g6 3. c4 Bg7 4. Nc3 O-O 5. g3 d6 6. Bg2 Nc6 7. O-O a6 8. h3
Rb8 9. e4 Bd7 10. e5 Ne8 11. Re1 b5 12. c5 h6 13. Be3 b4 14. Ne2 Na5 15. b3 d5
16. Nf4 Bf5 17. Nh4 e6 18. Nxf5 gxf5 19. Bf1 Qc8 20. Qd2 Kh7 21. Bd3 f6 22. Nh5
fxe5 23. Nxg7 Nxg7 24. dxe5 h5 25. Bh6 Qe8 26. h4 Nc6 27. Bxa6 Nd4 28. Kg2 Nc2
29. Qxc2 Kxh6 30. f4 d4 31. Be2 Qc6+ 32. Bf3 Qb5 33. Red1 Rfd8 34. Rd3 Qa5 35.
Qc4 Rb5 36. Rxd4 Rxd4 37. Qxd4 Rxc5 38. Qd8 Rc2+ 39. Kh3 Qc5 40. Qg5+ Kh7 41.
Bxh5 Qd5 42. Qg6+ Kh8 43. Be2 Rxe2 44. Rg1 Qf3 45. h5 Qf2 0-1

[Event "XVI C.to Italiano U20"]
[Site "Bratto - Castione della Presolana ITA"]
[Date "2008.08.24"]
[Round "3"]
[White "Laudisa, Antonio"]
[Black "Regorda, Massimiliano"]
[Result "1/2-1/2"]
[WhiteElo "1646"]
[BlackElo "1907"]
[PlyCount "80"]
[EventDate "2008.08.22"]

1. e4 e5 2. Nf3 Nc6 3. Bc4 Be7 4. c3 d6 5. h3 Nf6 6. d3 O-O 7. O-O Na5 8. Bb3
a6 9. Ba4 b5 10. Bc2 c5 11. Nbd2 Bb7 12. Re1 Rc8 13. Nf1 Nc6 14. Ne3 g6 15. Bb3
Na5 16. Nd5 Nxd5 17. Bxd5 Bxd5 18. exd5 f5 19. Bh6 Rf7 20. Qc1 f4 21. Qd1 Rf5
22. Qe2 Bf6 23. g4 fxg3 24. fxg3 Rh5 25. Qe3 g5 26. h4 Rxh6 27. hxg5 Rg6 28.
gxf6 Rxg3+ 29. Kh2 Rg6 30. Rg1 Qxf6 31. Raf1 Rf8 32. Ng5 Qxf1 33. Rxf1 Rxf1 34.
Qh3 Rxg5 35. Qxf1 Rh5+ 36. Kg3 Kg7 37. Qf3 Rg5+ 38. Kh4 Rg6 39. Qf5 Rh6+ 40.
Kg4 Rg6+ 1/2-1/2

[Event "XVI C.to Italiano U20"]
[Site "Bratto - Castione della Presolana ITA"]
[Date "2008.08.24"]
[Round "3"]
[White "Marincolo, Piercarlo"]
[Black "Xia, Jie"]
[Result "0-1"]
[WhiteElo "1945"]
[BlackElo "2181"]
[PlyCount "106"]
[EventDate "2008.08.22"]

1. e4 c5 2. a3 g6 3. Nc3 Bg7 4. Bc4 Nc6 5. Nf3 d6 6. h3 e6 7. d3 Nge7 8. O-O
O-O 9. Bd2 Rb8 10. Qc1 Nd4 11. Nxd4 cxd4 12. Ne2 d5 13. exd5 Nxd5 14. Bh6 e5
15. Bxg7 Kxg7 16. Qd2 b5 17. Bb3 Qd6 18. Rae1 Bb7 19. Qg5 h6 20. Qg3 Nf4 21.
Nxf4 exf4 22. Qh4 Rbe8 23. Qg4 f5 24. Qd1 Qc6 25. f3 Re3 26. Rxe3 fxe3 27. Qe1
Qd6 28. Qa5 a6 29. Re1 Bxf3 30. gxf3 Qg3+ 31. Kh1 Qxh3+ 32. Kg1 Qg3+ 33. Kh1
Qxf3+ 34. Kh2 Qf2+ 35. Kh1 h5 36. Qb4 Qh4+ 37. Kg1 Re8 38. Re2 Qf6 39. Bd5 g5
40. Qc5 g4 41. Qc7+ Kg6 42. Bc6 Re7 43. Qc8 h4 44. Qg8+ Qg7 45. Qd5 h3 46. Qd6+
Kg5 47. Kf1 Qe5 48. Qd8 Kh4 49. Qf8 Kg3 50. Ke1 f4 51. Kf1 f3 52. Re1 e2+ 53.
Kg1 h2+ 0-1

[Event "XVI C.to Italiano U20"]
[Site "Bratto - Castione della Presolana ITA"]
[Date "2008.08.24"]
[Round "3"]
[White "Marsili, Riccardo"]
[Black "Caldonazzo, Matteo"]
[Result "1-0"]
[WhiteElo "1817"]
[BlackElo "1515"]
[PlyCount "57"]
[EventDate "2008.08.22"]

1. e4 c5 2. Nf3 Nc6 3. d4 cxd4 4. Nxd4 g6 5. c4 Bg7 6. Be3 Nf6 7. Nc3 O-O 8.
Be2 d6 9. O-O a6 10. Qd2 Ne5 11. h3 Be6 12. Nxe6 fxe6 13. f4 Nc6 14. Rad1 Nd7
15. Bg4 Rf6 16. e5 Rf5 17. Bxf5 exf5 18. exd6 Nb6 19. c5 Nc4 20. Qe2 Nxe3 21.
Qxe3 exd6 22. Qe6+ Kh8 23. Rxd6 Qa5 24. Rd7 Qxc5+ 25. Kh1 Bxc3 26. Qf7 Ne7 27.
Rxe7 Qxe7 28. Qxe7 Bd2 29. Qf6+ 1-0

[Event "XVI C.to Italiano U20"]
[Site "Bratto - Castione della Presolana ITA"]
[Date "2008.08.24"]
[Round "3"]
[White "Picasso, Filippo"]
[Black "Cinque, Antonio"]
[Result "0-1"]
[WhiteElo "1659"]
[BlackElo "1867"]
[PlyCount "60"]
[EventDate "2008.08.22"]

1. d4 e6 2. Nf3 d5 3. e3 Nf6 4. c4 c6 5. cxd5 exd5 6. Bd3 Bd6 7. O-O O-O 8.
Nbd2 Bg4 9. h3 Bh5 10. Re1 Nbd7 11. e4 dxe4 12. Nxe4 Nxe4 13. Bxe4 Nb6 14. Qd3
Bg6 15. Ng5 Be7 16. f4 Bxg5 17. Bxg6 fxg6 18. fxg5 Qd7 19. b3 Rad8 20. Bb2 Nd5
21. Rf1 Rf5 22. Rf3 Rdf8 23. Raf1 Rxf3 24. gxf3 Qxh3 25. Qe2 Qg3+ 26. Qg2 Qxg2+
27. Kxg2 Ne3+ 28. Kf2 Nxf1 29. Kxf1 Rxf3+ 30. Ke2 Rh3 0-1

[Event "XVI C.to Italiano U20"]
[Site "Bratto - Castione della Presolana ITA"]
[Date "2008.08.24"]
[Round "3"]
[White "Piccirillo, Edoardo"]
[Black "Sfera, Mattia"]
[Result "0-1"]
[WhiteElo "2111"]
[BlackElo "1893"]
[PlyCount "78"]
[EventDate "2008.08.22"]

1. d4 Nf6 2. c4 g6 3. Nc3 Bg7 4. e4 d6 5. Nf3 O-O 6. Be2 e5 7. d5 a5 8. Bg5 h6
9. Bh4 Na6 10. O-O g5 11. Bg3 Nh5 12. Nd2 Nf4 13. a3 Nxe2+ 14. Qxe2 f5 15. exf5
Bxf5 16. Nde4 Qe7 17. f3 c5 18. dxc6 bxc6 19. Rfd1 Rfd8 20. Bf2 Be6 21. Bb6 Rd7
22. b4 d5 23. Nc5 Nxc5 24. Bxc5 Qd8 25. cxd5 cxd5 26. Rac1 axb4 27. Bxb4 Qb6+
28. Qf2 Qb7 29. Re1 Rc8 30. Rcd1 Rdc7 31. Rc1 d4 32. Na2 Rxc1 33. Rxc1 Rxc1+
34. Nxc1 Qc6 35. Nd3 Bf5 36. Qd2 e4 37. fxe4 Qxe4 38. Nc5 Qb1+ 39. Kf2 d3 0-1

[Event "XVI C.to Italiano U20"]
[Site "Bratto - Castione della Presolana ITA"]
[Date "2008.08.24"]
[Round "3"]
[White "Piccoli, Vincenzo"]
[Black "Cuppone, Damiano"]
[Result "0-1"]
[WhiteElo "1932"]
[BlackElo "1921"]
[PlyCount "71"]
[EventDate "2008.08.22"]

1. e4 c5 2. Nf3 e6 3. d4 cxd4 4. Nxd4 Nf6 5. Nc3 d6 6. g3 Be7 7. Bg2 Nc6 8. O-O
Bd7 9. Ndb5 Qb8 10. Bf4 Ne5 11. Bg5 O-O 12. Bxf6 Bxf6 13. Nxd6 Rd8 14. f4 Be8
15. fxe5 Bxe5 16. Qh5 Qxd6 17. Qf3 Qb6+ 18. Kh1 Qxb2 19. Ne2 Qxc2 20. Rab1 b6
21. Bh3 Qd3 22. Qf2 Qd6 23. Rbc1 Rac8 24. Rcd1 Qe7 25. Nf4 Bb5 26. Rxd8+ Rxd8
27. Rc1 g6 28. Qc2 Bxf4 29. gxf4 Bd3 30. Qg2 Qb4 31. Bg4 Bxe4 32. Bf3 Bxf3 33.
Qxf3 Rd7 34. Rg1 Qd4 35. Qg3 Qe4+ 36. Rg2 0-1

[Event "XVI C.to Italiano U20"]
[Site "Bratto - Castione della Presolana ITA"]
[Date "2008.08.24"]
[Round "3"]
[White "Pulcini, Giorgio"]
[Black "Rizza, Francesco"]
[Result "0-1"]
[WhiteElo "1676"]
[BlackElo "1924"]
[PlyCount "78"]
[EventDate "2008.08.22"]

1. e4 Nf6 2. Nc3 e6 3. d4 d5 4. exd5 exd5 5. Bg5 Be7 6. Nf3 Bf5 7. Bd3 Bxd3 8.
Qxd3 O-O 9. O-O h6 10. Bh4 Nbd7 11. Rfe1 Re8 12. Ne5 Nf8 13. Qb5 Ne6 14. Qxb7
Nxd4 15. Nc6 Nxc6 16. Qxc6 Qd6 17. Qxd6 cxd6 18. Nb5 Ne4 19. Bxe7 Rxe7 20. Nxd6
Rc7 21. Nxe4 dxe4 22. Rac1 Rb8 23. b3 Rd8 24. Rxe4 Rxc2 25. Ree1 Rxa2 26. Ra1
Rdd2 27. Rxa2 Rxa2 28. g3 Kf8 29. Rc1 Ke7 30. Rc7+ Ke6 31. Kg2 a5 32. Rb7 Ra3
33. b4 a4 34. b5 Rb3 35. b6 Kd6 36. Rb8 Kc6 37. Ra8 Kb7 38. Rxa4 Kxb6 39. Ra8
39... Kb5 {...} 0-1

[Event "XVI C.to Italiano U20"]
[Site "Bratto - Castione della Presolana ITA"]
[Date "2008.08.24"]
[Round "3"]
[White "Rombaldoni, Axel"]
[Black "Gallana, Marco"]
[Result "1/2-1/2"]
[WhiteElo "2374"]
[BlackElo "1960"]
[PlyCount "79"]
[EventDate "2008.08.22"]

1. e4 c6 2. d4 d5 3. e5 Bf5 4. c3 e6 5. Be3 Qb6 6. Qb3 Nd7 7. Nd2 a5 8. Qxb6
Nxb6 9. a4 Ne7 10. f4 h5 11. Ngf3 Ng6 12. Kf2 Be7 13. Ne1 Kd7 14. Nd3 Kc7 15.
b3 Rhd8 16. g3 h4 17. Kf3 hxg3 18. hxg3 Rh8 19. Be2 Rxh1 20. Rxh1 Rh8 21. Rxh8
Nxh8 22. g4 Bh7 23. Nf1 Be4+ 24. Kg3 Ng6 25. Nd2 Bh4+ 26. Kh3 Bxd3 27. Bxd3 Bf2
28. Bxg6 Bxe3 29. Nf1 Bxf4 30. Bxf7 Kd7 31. Kg2 Ke7 32. Bg6 Nd7 33. Kf3 Bg5 34.
Ke2 Bf4 35. Ne3 c5 36. Bd3 cxd4 37. cxd4 Bxe3 38. Kxe3 g5 39. Kd2 b6 40. Kc3
1/2-1/2

[Event "XVI C.to Italiano U20"]
[Site "Bratto - Castione della Presolana ITA"]
[Date "2008.08.24"]
[Round "3"]
[White "Sellitti, Federico"]
[Black "Lettieri, Giuseppe"]
[Result "0-1"]
[WhiteElo "2158"]
[BlackElo "2322"]
[PlyCount "80"]
[EventDate "2008.08.22"]

1. e4 e6 2. d4 d5 3. exd5 exd5 4. Bd3 Nc6 5. c3 Bd6 6. Ne2 Qf6 7. Qc2 Nge7 8.
Nd2 Bg4 9. Nf1 h5 10. Ne3 g5 11. f3 Be6 12. Bd2 Ng6 13. O-O-O Nce7 14. c4 dxc4
15. Bxc4 Bxc4 16. Nxc4 O-O-O 17. Kb1 Bf4 18. Bxf4 Nxf4 19. Nxf4 gxf4 20. Qe4
Nd5 21. Ne5 Rhe8 22. g4 Ne3 23. Rd3 hxg4 24. fxg4 Nc4 25. Rf1 Nxe5 26. dxe5
Rxd3 27. Qxd3 Rxe5 28. Rd1 Qg6 29. Qxg6 fxg6 30. h4 g5 31. h5 Re2 32. Rh1 f3
33. Kc1 f2 34. Kd1 Rxb2 35. Rf1 Rxa2 36. h6 Ra6 37. Rxf2 Rxh6 38. Rf8+ Kd7 39.
Rg8 Rd6+ 40. Ke2 Rd5 0-1

[Event "XVI C.to Italiano U20"]
[Site "Bratto - Castione della Presolana ITA"]
[Date "2008.08.24"]
[Round "3"]
[White "Serri, Cristiano"]
[Black "Franciosi, Fausto"]
[Result "0-1"]
[WhiteElo "1542"]
[BlackElo "1850"]
[PlyCount "138"]
[EventDate "2008.08.22"]

1. e4 d6 2. d4 Nf6 3. Bd3 e5 4. Ne2 Nbd7 5. O-O g6 6. d5 Bg7 7. b4 O-O 8. c4
Ne8 9. Qc2 f5 10. Nbc3 f4 11. f3 Rf7 12. Bd2 Bf8 13. Rfb1 Rg7 14. Kh1 g5 15.
Ng1 h5 16. Bf1 Qf6 17. Be1 Qg6 18. a4 g4 19. a5 Ndf6 20. b5 b6 21. Rb2 Qg5 22.
Rd1 h4 23. Rd2 Nh5 24. axb6 cxb6 25. fxg4 Bxg4 26. h3 Bd7 27. Nf3 Ng3+ 28. Bxg3
Qxg3 29. Rf2 Be7 30. Qd1 Qg6 31. Ra2 Bc8 32. Qa1 Bd8 33. Ra4 Qh7 34. Ng1 Nf6
35. Re2 Nh5 36. Re1 Qg6 37. Ra2 Rb8 38. Qb2 Rbb7 39. Qf2 Rbf7 40. Nf3 Ng3+ 41.
Kh2 Rc7 42. Bd3 Nh5 43. Ra4 Qg3+ 44. Qxg3 fxg3+ 45. Kg1 Nf4 46. Bf1 Rcf7 47.
Re3 Bg5 48. Nxg5 Rxg5 49. Na2 Bxh3 50. Raa3 Bc8 51. Nb4 Rg6 52. Nc6 Rgg7 53.
Nb4 h3 54. Rxg3 hxg2 55. Bxg2 Ne2+ 56. Kh2 Nxg3 57. Rxg3 Rxg3 58. Kxg3 Kg7 59.
Nc6 a5 60. bxa6 Bxa6 61. Nd8 Rf6 62. Bh3 Bxc4 63. Bf5 b5 64. Nc6 Rf7 65. Kg4
Kf6 66. Kh5 Rb7 67. Nb4 Ra7 68. Nc6 Ra1 69. Nd8 Bxd5 0-1

[Event "XVI C.to Italiano U20"]
[Site "Bratto - Castione della Presolana ITA"]
[Date "2008.08.24"]
[Round "3"]
[White "Stella, Andrea"]
[Black "Dvirnyy, Danyyil"]
[Result "1/2-1/2"]
[WhiteElo "2209"]
[BlackElo "2358"]
[PlyCount "68"]
[EventDate "2008.08.22"]

1. d4 Nf6 2. c4 g6 3. Nc3 Bg7 4. e4 O-O 5. Nf3 d6 6. Be2 e5 7. O-O exd4 8. Nxd4
Re8 9. f3 Nc6 10. Be3 Nh5 11. Qd2 Nf4 12. Rfd1 Nxd4 13. Bxd4 Bxd4+ 14. Qxd4 Qg5
15. Bf1 Be6 16. Kh1 a6 17. Rac1 Rad8 18. g3 Nh5 19. Be2 Qh6 20. Kg1 Qg5 21. Kh1
c5 22. Qd2 Qe7 23. f4 Nf6 24. b3 Bc8 25. Bf3 b5 26. Nd5 Nxd5 27. cxd5 f5 28. e5
dxe5 29. d6 Qf6 30. Rxc5 e4 31. Rxc8 Rxc8 32. d7 exf3 33. Qd5+ Qf7 34. Qxf3
Rcd8 1/2-1/2

[Event "XVI C.to Italiano U20"]
[Site "Bratto - Castione della Presolana ITA"]
[Date "2008.08.24"]
[Round "3"]
[White "Valsecchi, Alessio"]
[Black "Fossati, Remigio"]
[Result "1-0"]
[WhiteElo "2298"]
[BlackElo "2191"]
[PlyCount "93"]
[EventDate "2008.08.22"]

1. e4 c5 2. Nf3 d6 3. d4 cxd4 4. Nxd4 Nf6 5. Nc3 a6 6. Bc4 e6 7. Bb3 b5 8. O-O
Be7 9. Qf3 Qb6 10. Be3 Qb7 11. Qg3 b4 12. Na4 Nbd7 13. f3 O-O 14. Kh1 a5 15.
Rfd1 Kh8 16. c3 Nc5 17. e5 dxe5 18. Nxc5 Bxc5 19. Qxe5 Be7 20. cxb4 axb4 21.
Rac1 Bd7 22. Bg5 Bd8 23. Qd6 Re8 24. Bxf6 gxf6 25. Nf5 Bb5 26. Re1 Qd7 27. Qxd7
Bxd7 28. Red1 Ra7 29. Nd6 Rf8 30. Rc4 Ba5 31. Rh4 Rc7 32. Nc4 Ra8 33. Rhd4 Bc8
34. h3 f5 35. Nxa5 Rxa5 36. Rxb4 Rac5 37. Ba4 Kg7 38. Kg1 e5 39. Rb5 Rxb5 40.
Bxb5 Rc2 41. Rb1 e4 42. a4 Bb7 43. b4 Kf6 44. a5 exf3 45. gxf3 Kg5 46. a6 Bxf3
47. Bf1 1-0

[Event "XVI C.to Italiano U20"]
[Site "Bratto - Castione della Presolana ITA"]
[Date "2008.08.24"]
[Round "3"]
[White "Zanchetta, Nicola"]
[Black "Guidi, Giacomo"]
[Result "0-1"]
[WhiteElo "1777"]
[BlackElo "1526"]
[PlyCount "102"]
[EventDate "2008.08.22"]

1. e4 d5 2. exd5 Nf6 3. d4 Bg4 4. Be2 Bxe2 5. Nxe2 Qxd5 6. O-O e6 7. Nbc3 Qh5
8. Ng3 Qxd1 9. Rxd1 Nc6 10. Nce4 Nd5 11. c4 Nb6 12. b3 Be7 13. Bf4 O-O-O 14.
Ne2 h6 15. h3 Rd7 16. Nc5 Nxd4 17. Nxd7 Nxe2+ 18. Kf1 Nxf4 19. Nxb6+ axb6 20.
a4 Bb4 21. g3 Ng6 22. c5 Bxc5 23. a5 Rd8 24. Rdc1 Rd2 25. Ke1 Rb2 26. a6 bxa6
27. Rxa6 Bxf2+ 28. Kf1 Bc5 29. Ra8+ Kb7 30. Rd8 Ne5 31. Ke1 Nf3+ 32. Kd1 Bd6
33. Rc3 Nd4 34. Rd3 Nxb3 35. g4 Nc5 36. Rf3 Be7 37. Rd4 Bf6 38. Rc4 Rb3 39.
Rxb3 Nxb3 40. Kc2 Nd4+ 41. Kd3 c5 42. Rc1 Kc6 43. Rf1 Kd5 44. h4 c4+ 45. Kd2 b5
46. Kd1 b4 47. g5 hxg5 48. hxg5 Bxg5 49. Rxf7 c3 50. Rd7+ Kc4 51. Rc7+ Kb3 0-1

[Event "XVI C.to Italiano U20"]
[Site "Bratto - Castione della Presolana ITA"]
[Date "2008.08.25"]
[Round "4"]
[White "Altini, Nicola"]
[Black "Marincolo, Piercarlo"]
[Result "1-0"]
[WhiteElo "2007"]
[BlackElo "1945"]
[PlyCount "59"]
[EventDate "2008.08.22"]

1. e4 e5 2. Nf3 Nc6 3. Bb5 a6 4. Ba4 Nf6 5. Qe2 b5 6. Bb3 Bc5 7. c3 O-O 8. O-O
d6 9. h3 Bb6 10. Rd1 Qe7 11. d3 Kh8 12. Nh4 Ng8 13. Nf5 Bxf5 14. exf5 Qf6 15.
Qg4 Nce7 16. Bc2 Nxf5 17. d4 Nfh6 18. Qe4 g6 19. Be3 exd4 20. Bxd4 Bxd4 21.
Qxd4 Qxd4 22. cxd4 Ne7 23. d5 f5 24. Bb3 f4 25. a4 b4 26. a5 Nf7 27. Rd4 Ne5
28. Rxb4 f3 29. g4 g5 30. Bc2 {...} 1-0

[Event "XVI C.to Italiano U20"]
[Site "Bratto - Castione della Presolana ITA"]
[Date "2008.08.25"]
[Round "4"]
[White "Andreoni, Giuseppe"]
[Black "Lapenna, Antonio"]
[Result "1/2-1/2"]
[WhiteElo "1993"]
[BlackElo "2118"]
[PlyCount "118"]
[EventDate "2008.08.22"]

1. e4 c5 2. Nf3 d6 3. d4 Nf6 4. Nc3 cxd4 5. Nxd4 a6 6. Bg5 e6 7. f4 Be7 8. Qf3
Qc7 9. O-O-O O-O 10. Bd3 Nbd7 11. Rhe1 Re8 12. Qg3 Nc5 13. e5 dxe5 14. fxe5 Nd5
15. Nf5 Bf8 16. Nxd5 exd5 17. Nxg7 Bxg7 18. Bf6 Ne6 19. Qh4 Nf8 20. Bxh7+ Nxh7
21. Qg3 Nxf6 22. exf6 Qxg3 23. Rxe8+ Kh7 24. hxg3 Bxf6 25. Rh1+ Kg6 26. Rg8+
Kf5 27. Re1 Be5 28. g4+ Kf6 29. g5+ Kf5 30. g4+ Kf4 31. Re8 Bd6 32. Rh1 Kxg5
33. Rhh8 Bf4+ 34. Kb1 b5 35. Rxc8 Ra7 36. Rh5+ Kxg4 37. Rxd5 Re7 38. a4 bxa4
39. Rc4 Re1+ 40. Ka2 Re2 41. Rd6 Rxc2 42. Rxc2 Bxd6 43. Rc4+ Kg5 44. Rxa4 f5
45. Rxa6 Be5 46. Ra5 Kf6 47. Kb1 f4 48. Kc2 Ke6 49. b3 f3 50. Kd3 f2 51. Ke2
Bd4 52. Rh5 Kd6 53. Rf5 Kc6 54. Kd3 Ba7 55. Kc4 Kd6 56. Kb5 Ke6 57. Rf3 Ke5 58.
Rf7 Ke4 59. Re7+ Kd3 1/2-1/2

[Event "XVI C.to Italiano U20"]
[Site "Bratto - Castione della Presolana ITA"]
[Date "2008.08.25"]
[Round "4"]
[White "Bellemo, Davide"]
[Black "Sellitti, Federico"]
[Result "1/2-1/2"]
[WhiteElo "2055"]
[BlackElo "2158"]
[PlyCount "100"]
[EventDate "2008.08.22"]

1. d4 Nf6 2. c4 e6 3. Nf3 b6 4. g3 Bb7 5. Bg2 Be7 6. O-O O-O 7. Nc3 Ne4 8. Qc2
Nxc3 9. Qxc3 d6 10. Rd1 Bf6 11. b3 c5 12. Bb2 Nc6 13. Qd2 Qe7 14. e4 Rad8 15.
d5 Bxb2 16. Qxb2 Nb4 17. a3 Na6 18. Ne1 exd5 19. exd5 Bc8 20. Nd3 Bf5 21. Re1
Qd7 22. Nf4 Rde8 23. Nh5 f6 24. Nf4 Rxe1+ 25. Rxe1 Re8 26. Qd2 Nc7 27. h3 Rxe1+
28. Qxe1 Qe8 29. Qd2 g5 30. Ne2 Qe5 31. g4 Bg6 32. Nc3 h6 33. Qe3 Qxe3 34. fxe3
f5 35. Kf2 Kg7 36. Bf1 fxg4 37. hxg4 Kf6 38. Ke2 Ke5 39. Bg2 Be8 40. Bf3 Bd7
41. Nd1 Ne8 42. Nf2 Ng7 43. Nd3+ Kf6 44. b4 Be8 45. bxc5 bxc5 46. e4 h5 47. e5+
Ke7 48. e6 h4 49. Nf2 Bg6 50. Be4 Kf6 1/2-1/2

[Event "XVI C.to Italiano U20"]
[Site "Bratto - Castione della Presolana ITA"]
[Date "2008.08.25"]
[Round "4"]
[White "Caldonazzo, Matteo"]
[Black "Pulcini, Giorgio"]
[Result "1/2-1/2"]
[WhiteElo "1515"]
[BlackElo "1676"]
[PlyCount "147"]
[EventDate "2008.08.22"]

1. d4 d5 2. Nf3 c5 3. e3 e6 4. c4 Nf6 5. Nc3 Nc6 6. Bd3 cxd4 7. exd4 Nb4 8.
Qa4+ Bd7 9. Qd1 Nxd3+ 10. Qxd3 dxc4 11. Qxc4 Rc8 12. Qd3 Bc6 13. O-O Bb4 14.
Bd2 a6 15. Rfe1 O-O 16. a3 Bxc3 17. bxc3 Qd5 18. c4 Qh5 19. Ne5 Ng4 20. Qg3
Nxe5 21. Rxe5 Qg6 22. Rg5 Qf6 23. Bf4 h6 24. Rg4 g6 25. Be5 Qf5 26. Rh4 f6 27.
Rxh6 fxe5 28. Rxg6+ Kf7 29. Rg7+ Ke8 30. Qh4 Qf6 31. Qxf6 Rxf6 32. dxe5 Rf5 33.
Rg8+ Kd7 34. Rg7+ Ke8 35. Rg8+ Rf8 36. Rxf8+ Kxf8 37. Rd1 Ba4 38. Rd4 b5 39.
Rh4 Rxc4 40. Rxc4 bxc4 41. Kf1 c3 42. Ke2 Kg7 43. f4 Kg6 44. g4 Kh6 45. Kd3 c2
46. Kd2 Bb3 47. h4 Kg6 48. Kc1 Ba4 49. h5+ Kh6 50. Kd2 Bb3 51. Kc1 Bd5 52. f5
exf5 53. gxf5 Kxh5 54. e6 Kg5 55. e7 Bf7 56. Kxc2 Kxf5 57. Kc3 Kf6 58. Kb4 Kxe7
59. Ka5 Bc4 60. Kb4 Bf1 61. Kc5 Ke6 62. Kd4 Kd6 63. Kc3 Kc5 64. Kb3 Kb5 65. Kc3
Ka4 66. Kb2 Be2 67. Ka2 Bc4+ 68. Kb2 Bb3 69. Ka1 Kxa3 70. Kb1 a5 71. Ka1 a4 72.
Kb1 Kb4 73. Kb2 a3+ 74. Kb1 1/2-1/2

[Event "XVI C.to Italiano U20"]
[Site "Bratto - Castione della Presolana ITA"]
[Date "2008.08.25"]
[Round "4"]
[White "Cinque, Antonio"]
[Black "Rombaldoni, Brian"]
[Result "0-1"]
[WhiteElo "1867"]
[BlackElo "1797"]
[PlyCount "148"]
[EventDate "2008.08.22"]

1. e4 c6 2. d4 d5 3. Nc3 dxe4 4. Nxe4 Nd7 5. Nf3 Ngf6 6. Ng3 Nb6 7. Bd3 Bg4 8.
Be3 Qd5 9. Qe2 Bxf3 10. Qxf3 Qxf3 11. gxf3 Nbd5 12. O-O-O e6 13. c4 Nc7 14.
Rhe1 a6 15. Ne4 Be7 16. Rg1 Nxe4 17. fxe4 g6 18. f3 O-O-O 19. Be2 Rd7 20. Rd3
Rhd8 21. Rgd1 Na8 22. f4 f5 23. e5 Nb6 24. Rb3 Na8 25. Bf3 Nc7 26. Rbd3 Bc5 27.
Kc2 Be7 28. b3 h6 29. Rg1 Rg8 30. Rd2 g5 31. h3 Bd8 32. Rdg2 Rdg7 33. Kb2 Be7
34. Kc3 Kd7 35. b4 b5 36. a3 bxc4 37. Kxc4 Nd5 38. Bxd5 cxd5+ 39. Kb3 g4 40.
Ka4 Kc6 41. Bf2 h5 42. h4 Kb6 43. Bg3 Rc8 44. Kb3 Rc4 45. Rd1 Rg8 46. Rc2 Rgc8
47. Rdc1 Rxc2 48. Rxc2 Rxc2 49. Kxc2 a5 50. bxa5+ Kxa5 51. Kb3 Kb5 52. a4+ Ka6
53. Bf2 Bd8 54. Kb4 Be7+ 55. Kb3 Kb6 56. Bg3 Kc6 57. Be1 Bd8 58. Kc2 Bb6 59.
Kd3 Kb7 60. Bg3 Ka6 61. Be1 Ba5 62. Bg3 Bb4 63. Kc2 Ka5 64. Kb3 Bd2 65. Kc2 Be3
66. Kd3 Bg1 67. Kc3 Kxa4 68. Kd3 Kb3 69. Be1 Bh2 70. Ke3 Kc2 71. Bb4 g3 72. Kf3
Kd3 73. Bc5 Bg1 74. Kxg3 Bxd4 0-1

[Event "XVI C.to Italiano U20"]
[Site "Bratto - Castione della Presolana ITA"]
[Date "2008.08.25"]
[Round "4"]
[White "Codenotti, Marco"]
[Black "Rizza, Francesco"]
[Result "1-0"]
[WhiteElo "2055"]
[BlackElo "1924"]
[PlyCount "111"]
[EventDate "2008.08.22"]

1. e4 Nf6 2. e5 Nd5 3. d4 d6 4. c4 Nb6 5. exd6 exd6 6. Nc3 Be7 7. Bd3 Nc6 8. b3
Bf6 9. Nge2 O-O 10. O-O Bg4 11. f3 Bh5 12. Be3 Re8 13. Qd2 Bg6 14. Ne4 d5 15.
Nxf6+ Qxf6 16. Bg5 Qe6 17. Nf4 Qd7 18. Nxg6 dxc4 19. Bxc4 hxg6 20. Rad1 Nxc4
21. bxc4 f6 22. Bf4 Rad8 23. d5 Ne5 24. Qc2 Qf5 25. Qxf5 gxf5 26. Bxe5 Rxe5 27.
Rfe1 Kf7 28. Kf2 Rh8 29. Rxe5 fxe5 30. Re1 Kf6 31. h3 Rh4 32. Rc1 Ke7 33. Ke2
Rd4 34. g4 fxg4 35. fxg4 g5 36. Rf1 Rxc4 37. Rf5 Rc3 38. Rxe5+ Kd6 39. Rxg5
Rxh3 40. Rh5 Rg3 41. g5 Kxd5 42. g6+ Ke6 43. Rh7 Rc3 44. Rf7 b6 45. Kf2 a5 46.
Rf8 Rc2+ 47. Kf3 Rc1 48. g7 Rg1 49. g8=Q+ Rxg8 50. Rxg8 Kd5 51. Rg4 Kc5 52. Ke3
b5 53. Kd3 a4 54. Kc3 Kb6 55. Rg6+ Ka5 56. Rc6 1-0

[Event "XVI C.to Italiano U20"]
[Site "Bratto - Castione della Presolana ITA"]
[Date "2008.08.25"]
[Round "4"]
[White "Cuppone, Damiano"]
[Black "Laudisa, Antonio"]
[Result "1-0"]
[WhiteElo "1921"]
[BlackElo "1646"]
[PlyCount "59"]
[EventDate "2008.08.22"]

1. d4 Nf6 2. c4 e5 3. dxe5 Ng4 4. Nf3 Bc5 5. e3 Nc6 6. Nc3 Ngxe5 7. Nxe5 Nxe5
8. Be2 O-O 9. O-O d6 10. Na4 Bb6 11. Nxb6 axb6 12. b3 Qf6 13. Qd4 Ng4 14. Qxf6
Nxf6 15. Bb2 Nd7 16. Rfd1 Ne5 17. a3 Be6 18. Rac1 f6 19. h3 Rfe8 20. b4 Kf7 21.
f4 Ng6 22. Bf3 Rab8 23. Kf2 f5 24. c5 bxc5 25. bxc5 dxc5 26. Rxc5 c6 27. Rc3
Nh4 28. Bh5+ g6 29. Be2 Bd5 30. g3 1-0

[Event "XVI C.to Italiano U20"]
[Site "Bratto - Castione della Presolana ITA"]
[Date "2008.08.25"]
[Round "4"]
[White "Delledonne, Francesco"]
[Black "Rombaldoni, Axel"]
[Result "0-1"]
[WhiteElo "1943"]
[BlackElo "2374"]
[PlyCount "66"]
[EventDate "2008.08.22"]

1. d4 d5 2. c4 e6 3. Nf3 c6 4. Nc3 dxc4 5. a4 Bb4 6. g3 b5 7. Bg2 Bb7 8. O-O a6
9. Qc2 Nf6 10. Rd1 O-O 11. Bf4 Qb6 12. Ne5 Nd5 13. e4 Nxf4 14. gxf4 Qc7 15. Ne2
Nd7 16. b3 Nxe5 17. fxe5 cxb3 18. Qxb3 a5 19. Rac1 Qe7 20. f4 bxa4 21. Qxa4 Ba6
22. Ng3 Bb5 23. Qa2 c5 24. d5 c4 25. Bf1 Qc5+ 26. Kg2 Rac8 27. f5 exd5 28. exd5
Rfe8 29. d6 Bc6+ 30. Kh3 Qxe5 31. Bxc4 Qf6 32. Bd5 Bxd5 33. Qxd5 Rxc1 0-1